[Event "FEDA International Scheveningen 2020"]
[Site "La Palma"]
[Date "2020.12.01"]
[Round "2.5"]
[White "Vazquez Igarza, Renier"]
[Black "Edouard, Romain"]
[Result "1-0"]
[WhiteElo "2556"]
[BlackElo "2640"]
[Annotator "TA"]
[PlyCount "69"]
[EventDate "2020.11.29"]
[EventCountry "ESP"]
[SourceTitle "playchess.com"]
[Source "ChessBase"]
[SourceQuality "1"]

{[%evp 11,69,22,18,0,14,12,15,6,2,15,17,26,33,41,65,66,68,80,79,75,90,26,42,29,27,23,45,42,42,19,49,41,50,48,40,36,112,76,103,104,347,337,340,327,332,318,366,356,400,397,497,366,571,565,750,747,795,599,747,747]} 1. Nf3 c5 2. c4 Nc6 3. d4 cxd4 4. Nxd4 Nf6 5. Nc3 e6 6. g3 Qb6 7. Nf3 {A33: Symmetrical English: 2 Nf3 Nf6 3 d4 cxd4 4 Nxd4 e6 5 Nc3 Nc6.} d5 8. cxd5 exd5 9. Bg2 {The position is equal.} d4 10. Na4 Qa5+ 11. Bd2 {[#]} Bb4 $146 ({Predecessor:} 11... Qb5 12. O-O Bf5 13. Rc1 Be4 14. Re1 O-O-O 15. Bf4 Bb4 16. Bh3+ Bf5 17. Nxd4 Rxd4 18. Bxf5+ Qxf5 19. Qxd4 Bxe1 20. Qxa7 Qb5 21. Qb8+ Kd7 22. Nc5+ {1-0 (22) Iturrizaga Bonelli,E (2664)-Goh,W (2446) Benasque 2017}) 12. O-O O-O 13. Bxb4 Qxb4 14. a3 Qd6 15. Rc1 Rd8 16. Ne1 ({White should play} 16. Nc5 $16) 16... Qe7 17. Nd3 Bf5 18. Nac5 {[#] Threatens to win with Nxb7!} Rac8 19. Qa4 Ne4 ({Wrong is} 19... Qxe2 $2 20. Nxb7 Bxd3 21. Nxd8 $18) 20. Rfe1 b6 21. Nxe4 Bxe4 22. Bxe4 Qxe4 23. Rc2 Na5 (23... Ne5 $14 24. Rxc8 Rxc8 25. Nxe5 Qxe5) 24. Rec1 Rxc2 25. Rxc2 {Strongly threatening b4.} h5 $2 {Loses the game.} (25... Qe8 $16 26. Qxe8+ Rxe8) 26. b4 $18 Nb7 27. Qxa7 b5 28. Qb6 h4 29. Qxb5 h3 {[%csl Gh3][%cal Re4g2] [#]} 30. f3 Qe7 31. Qe5 Qf8 (31... Qxe5 $142 32. Nxe5 f6) 32. a4 {[%cal Ba3a4,Ba4a5][%mdl 32] White is clearly winning.} Rd6 33. a5 g6 34. Nf4 Rd8 35. Nd5 {Weighted Error Value: White=0.23/Black=0.53} 1-0

[Event "FEDA International Scheveningen 2020"]
[Site "La Palma"]
[Date "2020.12.02"]
[Round "3.1"]
[White "Cheparinov, Ivan"]
[Black "Salgado Lopez, Ivan"]
[Result "1-0"]
[WhiteElo "2688"]
[BlackElo "2593"]
[Annotator "ChessBase"]
[PlyCount "103"]
[EventDate "2020.11.29"]
[EventCountry "ESP"]
[SourceTitle "playchess.com"]
[Source "ChessBase"]
[SourceQuality "1"]

1. d4 Nf6 2. c4 e6 3. Nf3 d5 4. g3 Be7 5. Bg2 O-O 6. O-O dxc4 7. Qc2 a6 8. a4 Bd7 9. Qxc4 Bc6 10. Bf4 a5 11. Nc3 Na6 12. Rac1 Bd6 13. Bg5 h6 14. Bxf6 Qxf6 15. e4 Qd8 16. d5 exd5 17. Nxd5 Nb4 18. Nc3 Qe7 19. Nd4 Bd7 20. Nf5 Qe6 21. Qxe6 Bxe6 22. Nxd6 cxd6 23. Rfd1 Rfd8 24. Nb5 Bb3 25. Rd2 Rac8 26. Rxc8 Rxc8 27. f4 Rc1+ 28. Kf2 Bxa4 29. Nxd6 b6 30. e5 Bb3 31. Be4 g6 32. Ne8 Rd1 33. Nf6+ Kg7 34. Ke2 Rxd2+ 35. Kxd2 Ba4 36. Kc3 Bb5 37. g4 Kf8 38. h4 Kg7 39. f5 Be2 40. Kd2 Bb5 41. Ke3 Ba4 42. Kd4 Bb5 43. h5 g5 44. Bb7 Nd3 45. Ne4 Nxb2 46. Nd6 Be2 47. Bd5 Bxg4 48. f6+ Kf8 49. Nxf7 Bxh5 50. e6 Bxf7 51. e7+ Ke8 52. Bc6# 1-0

[Event "FEDA International Scheveningen 2020"]
[Site "La Palma"]
[Date "2020.12.02"]
[Round "3.2"]
[White "Korobov, Anton"]
[Black "Santos Latasa, Jaime"]
[Result "1/2-1/2"]
[WhiteElo "2683"]
[BlackElo "2600"]
[Annotator "ChessBase"]
[PlyCount "61"]
[EventDate "2020.11.29"]
[EventCountry "ESP"]
[SourceTitle "playchess.com"]
[Source "ChessBase"]
[SourceQuality "1"]

1. d4 Nf6 2. Nf3 d5 3. e3 e6 4. Bd3 Bd6 5. O-O O-O 6. Nbd2 c5 7. b3 Nc6 8. Bb2 b6 9. a3 Bb7 10. Qe2 Rc8 11. Ne5 Qc7 12. f4 Ne7 13. Rf3 Ne4 14. Rh3 h6 15. c4 cxd4 16. exd4 Nxd2 17. Qxd2 f6 18. Re1 fxe5 19. fxe5 Bxe5 20. dxe5 Qc5+ 21. Qe3 Qxe3+ 22. Rhxe3 dxc4 23. bxc4 Ba6 24. Rc1 Rfd8 25. a4 Nc6 26. Bc3 Rd7 27. Bf1 Ne7 28. Re4 Nf5 29. Bb4 Rd4 30. Rxd4 Nxd4 31. Kf2 1/2-1/2

[Event "FEDA International Scheveningen 2020"]
[Site "La Palma"]
[Date "2020.12.02"]
[Round "3.3"]
[White "Eljanov, Pavel"]
[Black "Anton Guijarro, David"]
[Result "1/2-1/2"]
[WhiteElo "2672"]
[BlackElo "2675"]
[Annotator "ChessBase"]
[PlyCount "70"]
[EventDate "2020.11.29"]
[EventCountry "ESP"]
[SourceTitle "playchess.com"]
[Source "ChessBase"]
[SourceQuality "1"]

1. d4 Nf6 2. c4 e6 3. Nf3 d5 4. Nc3 Bb4 5. Qa4+ Nc6 6. a3 Bxc3+ 7. bxc3 Ne4 8. Bf4 g5 9. Be3 Nxc3 10. Qc2 Ne4 11. g3 f6 12. Bg2 Ne7 13. O-O Nf5 14. Nd2 Nxd2 15. Qxd2 c6 16. f4 g4 17. c5 h5 18. Bf2 h4 19. gxh4 Nxh4 20. Bxh4 Rxh4 21. e4 dxe4 22. Bxe4 f5 23. Bg2 Rh7 24. Qf2 Qh4 25. Qxh4 Rxh4 26. Rab1 Kd8 27. Rb4 Kc7 28. Rfb1 Rb8 29. Ra4 Ra8 30. Rab4 b6 31. cxb6+ axb6 32. Rxb6 Bd7 33. R1b3 Rhh8 34. R6b4 Ra5 35. a4 Kd6 1/2-1/2

[Event "FEDA International Scheveningen 2020"]
[Site "La Palma"]
[Date "2020.12.02"]
[Round "3.4"]
[White "Van Foreest, Jorden"]
[Black "Vazquez Igarza, Renier"]
[Result "1-0"]
[WhiteElo "2671"]
[BlackElo "2556"]
[Annotator "RC"]
[PlyCount "83"]
[EventDate "2020.11.29"]
[EventCountry "ESP"]
[SourceTitle "playchess.com"]
[Source "ChessBase"]
[SourceQuality "1"]

1. e4 c6 2. d4 d5 3. e5 Bf5 4. c4 e6 5. Nc3 Nd7 6. cxd5 cxd5 7. h4 h6 8. Bd3 Bxd3 9. Qxd3 Ne7 10. Nf3 Nc6 11. O-O Be7 12. h5 Qb6 13. Bd2 O-O 14. Na4 Qa6 15. Qxa6 bxa6 16. Rfc1 Rfc8 17. Rc3 Nb6 18. Nxb6 axb6 19. Rac1 Na7 20. g4 Rxc3 21. Rxc3 Kf8 22. Kg2 Ke8 23. Kg3 Kd7 24. Be3 Nc6 25. Ng1 a5 26. f4 a4 27. Nf3 a3 28. bxa3 Bxa3 29. f5 Bf8 30. f6 Rxa2 31. Rb3 Re2 32. Bf4 Kc7 33. g5 hxg5 34. Bxg5 Re4 35. Rd3 gxf6 36. exf6 e5 37. dxe5 Nxe5 38. Nxe5 Bd6 39. Rxd5 Bxe5+ 40. Rxe5 Rxe5 41. Bf4 Kd6 42. h6 1-0

[Event "FEDA International Scheveningen 2020"]
[Site "La Palma"]
[Date "2020.12.02"]
[Round "3.5"]
[White "Edouard, Romain"]
[Black "Santos Ruiz, Miguel"]
[Result "1/2-1/2"]
[WhiteElo "2640"]
[BlackElo "2581"]
[Annotator "ChessBase"]
[PlyCount "80"]
[EventDate "2020.11.29"]
[EventCountry "ESP"]
[SourceTitle "playchess.com"]
[Source "ChessBase"]
[SourceQuality "1"]

1. d4 Nf6 2. c4 e6 3. Nf3 d5 4. Nc3 Bb4 5. Qa4+ Nc6 6. a3 Bxc3+ 7. bxc3 Ne4 8. Bf4 Nxc3 9. Qc2 Ne4 10. e3 g5 11. Be5 f6 12. Bg3 h5 13. h4 Nxg3 14. fxg3 g4 15. Qg6+ Kf8 16. Ne5 Qe7 17. cxd5 exd5 18. Bb5 Nxe5 19. dxe5 f5 20. O-O Qf7 21. Qg5 Qe7 22. Qf4 Kg7 23. e6 Rf8 24. Qe5+ Kg6 25. Bd3 Qxe6 26. Qxc7 Qxe3+ 27. Kh2 Qxd3 28. Qe7 Rf7 29. Qg5+ Kh7 30. Qxh5+ Kg7 31. Qg5+ Kh7 32. Rae1 Bd7 33. Re7 Raf8 34. Qf6 Rxe7 35. Qxe7+ Kg8 36. Qg5+ Kf7 37. Re1 Re8 38. Qh5+ Kf8 39. Qh8+ Kf7 40. Qh7+ Kf8 1/2-1/2

[Event "FEDA International Scheveningen 2020"]
[Site "La Palma"]
[Date "2020.12.03"]
[Round "4.1"]
[White "Santos Latasa, Jaime"]
[Black "Cheparinov, Ivan"]
[Result "1/2-1/2"]
[WhiteElo "2600"]
[BlackElo "2688"]
[Annotator "ChessBase"]
[PlyCount "46"]
[EventDate "2020.11.29"]
[EventCountry "ESP"]
[SourceTitle "playchess.com"]
[Source "ChessBase"]
[SourceQuality "1"]

1. e4 c5 2. Nf3 Nc6 3. Bb5 e6 4. O-O Nge7 5. d4 cxd4 6. Nxd4 Ng6 7. Be3 Be7 8. c3 O-O 9. Nd2 Qc7 10. f4 e5 11. fxe5 Ncxe5 12. h3 Bc5 13. Ba4 d6 14. Bb3 Be6 15. Kh1 Bxb3 16. axb3 Rad8 17. b4 Bb6 18. Qb3 Qd7 19. Bg5 Rde8 20. Be3 Rd8 21. Bg5 Rde8 22. Be3 Rd8 23. Bg5 Rde8 1/2-1/2

[Event "FEDA International Scheveningen 2020"]
[Site "La Palma"]
[Date "2020.12.03"]
[Round "4.2"]
[White "Anton Guijarro, David"]
[Black "Korobov, Anton"]
[Result "1/2-1/2"]
[WhiteElo "2675"]
[BlackElo "2683"]
[Annotator "ChessBase"]
[PlyCount "61"]
[EventDate "2020.11.29"]
[EventCountry "ESP"]
[SourceTitle "playchess.com"]
[Source "ChessBase"]
[SourceQuality "1"]

1. Nf3 d5 2. e3 Nf6 3. c4 e6 4. Nc3 c5 5. cxd5 exd5 6. d4 Nc6 7. Bb5 cxd4 8. exd4 Be7 9. O-O O-O 10. Ne5 Na5 11. Re1 Be6 12. Bg5 Rc8 13. Bd3 Nc4 14. Qe2 Re8 15. a3 h6 16. Bxf6 Bxf6 17. Bxc4 dxc4 18. Rad1 Bf5 19. Qf3 Bc2 20. Rc1 Qxd4 21. Rxc2 Rxe5 22. Rxe5 Qxe5 23. g3 Qe1+ 24. Kg2 Bxc3 25. Qxb7 Rd8 26. Rxc3 Rd1 27. Qc8+ Kh7 28. Qf5+ Kg8 29. Qc8+ Kh7 30. Qf5+ Kg8 31. Qc8+ 1/2-1/2

[Event "FEDA International Scheveningen 2020"]
[Site "La Palma"]
[Date "2020.12.03"]
[Round "4.3"]
[White "Vazquez Igarza, Renier"]
[Black "Eljanov, Pavel"]
[Result "1/2-1/2"]
[WhiteElo "2556"]
[BlackElo "2672"]
[Annotator "ChessBase"]
[PlyCount "92"]
[EventDate "2020.11.29"]
[EventCountry "ESP"]
[SourceTitle "playchess.com"]
[Source "ChessBase"]
[SourceQuality "1"]

1. d4 Nf6 2. c4 e6 3. Nf3 d5 4. e3 Bd6 5. b3 O-O 6. Bb2 b6 7. Bd3 Bb7 8. O-O Nbd7 9. Nc3 a6 10. Rc1 Qe7 11. Ne2 dxc4 12. bxc4 Bxf3 13. gxf3 Ba3 14. Bxa3 Qxa3 15. Kh1 c5 16. Rg1 Rfd8 17. Qb3 Qxb3 18. axb3 cxd4 19. exd4 e5 20. d5 Nc5 21. Bc2 a5 22. Ng3 g6 23. Rce1 Re8 24. Re3 Kf8 25. Rge1 Nfd7 26. Ne2 Nb7 27. Nc3 Nd6 28. Kg2 Rec8 29. Bd3 Nc5 30. Rb1 f6 31. h4 Kf7 32. Kh3 f5 33. Bf1 Kf6 34. Na4 Rab8 35. Nxc5 bxc5 36. Ra1 f4 37. Rc3 Ra8 38. Bd3 Rcb8 39. Ra3 Ra6 40. Rc1 Nf5 41. Bxf5 gxf5 42. Rd1 Rb7 43. Re1 Re7 44. Rea1 Rea7 45. Re1 Rb6 46. Kg2 Rb8 1/2-1/2

[Event "FEDA International Scheveningen 2020"]
[Site "La Palma"]
[Date "2020.12.03"]
[Round "4.4"]
[White "Santos Ruiz, Miguel"]
[Black "Van Foreest, Jorden"]
[Result "1/2-1/2"]
[WhiteElo "2581"]
[BlackElo "2671"]
[Annotator "TA"]
[PlyCount "84"]
[EventDate "2020.11.29"]
[EventCountry "ESP"]
[SourceTitle "playchess.com"]
[Source "ChessBase"]
[SourceQuality "1"]

{[%evp 9,84,27,31,42,43,28,37,39,37,31,31,37,30,43,41,40,27,27,27,20,38,49,48,12,45,40,43,46,33,0,0,-17,0,0,0,-191,-141,-145,-167,-150,-35,-31,-45,-33,-6,0,-3,-14,-5,-27,-27,-27,-27,-31,-27,-27,-25,-25,-25,-25,-25,-29,-29,-29,-27,-29,-29,-29,-36,-36,-36,-44,-25,-25,-25,-36,-25]} 1. e4 e5 2. Nf3 Nc6 3. Bb5 a6 4. Ba4 b5 5. Bb3 g6 6. d4 {C70: Ruy Lopez: 3...a6 4 Ba4, Norwegian and Delayed Schliemann.} exd4 7. Nxd4 Na5 8. a4 {White is slightly better.} b4 9. Bd5 c6 10. Ba2 Bg7 11. c3 c5 12. cxb4 cxb4 13. O-O Ne7 {[#]} 14. Nd2 $146 ({Predecessor:} 14. Be3 O-O 15. Nd2 d5 16. Rc1 Bb7 17. N2b3 Nc4 18. Nc5 Nxe3 19. fxe3 Rb8 20. Nxb7 Rxb7 21. exd5 Bxd4 22. Qxd4 {0-1 (37) Shirov,A (2643)-Khanin,S (2514) St Petersburg 2018}) 14... d5 15. exd5 Bxd4 16. Nc4 Nf5 (16... Qxd5 $6 17. Nxa5 Bxf2+ 18. Kxf2 $18) 17. Re1+ Kd7 $1 {And now ...Nxc4 would win.} ({But not} 17... Kf8 $2 18. Nxa5 Qb6 19. Qd2 $18) 18. Nxa5 Qxa5 19. g4 ({Avoid the trap} 19. Qc2 $2 Qc5 $19) (19. Bb1 $5 {[%cal Rb1f5]} Qb6 20. Bxf5+ gxf5 21. Qe2 $11) 19... b3 $1 20. gxf5 {Strongly threatening Bg5.} bxa2 21. Bg5 Qxd5 22. Bf6 $2 (22. Re7+ $1 $11 {and White stays safe.} Kd6 23. Qd2) 22... Bb7 {[%csl Gb7][%cal Rd5h1]} ({Don't play} 22... Rg8 23. Qg4) 23. Qxd4 Qxd4 24. Bxd4 {[#]} Rhe8 (24... Rhg8 $1 $17 25. f6 Rge8) 25. Be3 $1 $15 gxf5 {aiming for ...Bf3.} 26. Rxa2 a5 27. Rd1+ Ke6 28. Rd4 Rab8 (28... Rec8 {feels hotter.} 29. b4 Rd8 30. Rad2 Rxd4 31. Rxd4 axb4 32. Rxb4 Bc6) 29. b3 Rg8+ 30. Kf1 Ba6+ {[%mdl 64] [#] Discovered Attack} 31. Ke1 Rxb3 32. Rc2 {Threatens to win with Rc6+.} Rc8 33. Rxc8 Bxc8 $11 {[%mdl 4096] Endgame KRB-KRB} 34. Rc4 Bd7 35. Rc5 Bxa4 36. Rxa5 {Hoping for Ra6+.} Bb5 37. Kd2 Rd3+ 38. Kc2 Rd5 {...Bd3+ is the strong threat.} 39. Kc3 Ke5 40. Kb4 f4 41. Bb6 Bc6 42. Rxd5+ Bxd5 {Weighted Error Value: White=0.10/Black=0.11} 1/2-1/2

[Event "FEDA International Scheveningen 2020"]
[Site "La Palma"]
[Date "2020.12.03"]
[Round "4.5"]
[White "Salgado Lopez, Ivan"]
[Black "Edouard, Romain"]
[Result "1-0"]
[WhiteElo "2593"]
[BlackElo "2640"]
[Annotator "ChessBase"]
[PlyCount "135"]
[EventDate "2020.11.29"]
[EventCountry "ESP"]
[SourceTitle "playchess.com"]
[Source "ChessBase"]
[SourceQuality "1"]

1. Nf3 d5 2. e3 Nf6 3. c4 e6 4. b3 Bd6 5. Bb2 O-O 6. Nc3 c6 7. Be2 Nbd7 8. d4 a6 9. O-O b5 10. Qc2 Bb7 11. c5 Bc7 12. b4 e5 13. dxe5 Nxe5 14. Nxe5 Bxe5 15. f4 Bc7 16. Bd3 a5 17. a3 axb4 18. axb4 Rxa1 19. Bxa1 d4 20. Nd1 dxe3 21. Nxe3 Re8 22. Nf5 Bc8 23. Qc3 Bxf5 24. Bxf5 Qe7 25. g3 h5 26. Bh3 Qe2 27. Bg2 Re3 28. Bf3 Rxc3 29. Bxe2 Rb3 30. Bxf6 gxf6 31. Bxh5 Rxb4 32. Rd1 Rc4 33. Rd7 Rc1+ 34. Kg2 Ba5 35. Bxf7+ Kh8 36. h4 Rxc5 37. h5 Rc2+ 38. Kh3 Be1 39. Re7 Bb4 40. Rc7 Ba5 41. Ra7 Be1 42. Re7 Bb4 43. Rd7 Re2 44. Bg6 Re7 45. Rd8+ Kg7 46. Kg4 Be1 47. Rc8 b4 48. Rxc6 Rb7 49. Re6 Bc3 50. Be4 Rc7 51. Rb6 Be1 52. Bg6 Ra7 53. Rb8 Re7 54. Bb1 Re3 55. Rb7+ Kh8 56. Bg6 Rxg3+ 57. Kf5 Rc3 58. h6 Rc8 59. Bf7 Rc3 60. Be6 Rg3 61. Kxf6 Bc3+ 62. Kf7 Kh7 63. Rb6 Rg8 64. Ke7 Ra8 65. Bd5 Bd4 66. Be4+ Kh8 67. Rd6 Ra7+ 68. Ke6 1-0

[Event "FEDA International Scheveningen 2020"]
[Site "La Palma"]
[Date "2020.12.04"]
[Round "5.1"]
[White "Cheparinov, Ivan"]
[Black "Anton Guijarro, David"]
[Result "1/2-1/2"]
[WhiteElo "2688"]
[BlackElo "2675"]
[Annotator "TA"]
[PlyCount "78"]
[EventDate "2020.11.29"]
[EventCountry "ESP"]
[SourceTitle "playchess.com"]
[Source "ChessBase"]
[SourceQuality "1"]

{[%evp 9,78,9,21,20,22,15,13,23,22,22,24,34,33,32,13,14,17,12,25,0,0,0,0,0,20,10,12,16,15,13,13,0,0,0,0,0,13,13,14,14,14,14,14,15,20,12,15,16,16,16,27,0,0,0,0,0,0,0,5,0,5,0,0,0,0,0,0,0,0,0,0]} 1. d4 Nf6 2. c4 e6 3. Nf3 d5 4. g3 dxc4 5. Bg2 c6 6. a4 {E04: Open Catalan: 5 Nf3.} Bb4+ 7. Bd2 a5 8. Qc1 O-O 9. Bxb4 axb4 10. Qxc4 Qa5 {[#]} 11. Qc2 $146 ({Predecessor:} 11. b3 b6 12. O-O Ba6 13. Qc2 Nbd7 14. Rc1 Rac8 15. Qd1 Rfd8 16. Qe1 e5 17. Ra2 {0-1 (62) L'Ami,E (2622)-Zwirs,N (2391) Vlissingen 2019}) 11... b5 {[%cal Rb5a4]} 12. b3 Bb7 13. Nbd2 Nbd7 14. Ne5 Nxe5 15. dxe5 Nd5 16. O-O Nc3 {[%cal Rb5a4]} 17. Ne4 bxa4 18. Nxc3 bxc3 19. Rxa4 Qxe5 20. Rc1 Rxa4 21. bxa4 Qa5 22. Qb3 Ba8 23. Rxc3 c5 24. Qc2 {Black should prevent Bxa8.} Bxg2 $1 25. Kxg2 $11 {[%mdl 4096] Endgame KQR-KQR} Rc8 26. Rc4 g6 27. g4 h6 28. h4 Qa8+ 29. f3 Qa5 30. g5 h5 {The position is equal.} 31. Qc3 Qxc3 32. Rxc3 {KR-KR} Kf8 33. Kf2 Ra8 34. Rc4 Ke7 35. Ke3 Kd6 36. Kd3 e5 37. f4 exf4 38. Rxf4 Ke5 39. e3 Ra7 {Weighted Error Value: White=0.03/Black=0.02} 1/2-1/2

[Event "FEDA International Scheveningen 2020"]
[Site "La Palma"]
[Date "2020.12.04"]
[Round "5.2"]
[White "Korobov, Anton"]
[Black "Vazquez Igarza, Renier"]
[Result "1/2-1/2"]
[WhiteElo "2683"]
[BlackElo "2556"]
[Annotator "TA"]
[PlyCount "116"]
[EventDate "2020.11.29"]
[EventCountry "ESP"]
[SourceTitle "playchess.com"]
[Source "ChessBase"]
[SourceQuality "1"]

{[%evp 11,116,16,15,18,27,16,6,13,25,19,23,19,22,20,38,36,42,42,39,39,42,42,63,9,15,9,9,9,10,5,10,9,9,9,9,9,9,9,9,9,9,9,9,9,9,9,9,9,9,9,24,9,9,9,14,9,9,9,9,3,9,9,9,9,9,3,10,0,9,9,9,0,0,0,0,0,0,0,0,0,0,0,0,0,0,0,0,0,0,0,0,0,0,0,0,0,0,0,8,-8,-8,-8,0,0,0,-14,0]} 1. e4 c6 2. Nc3 d5 3. Nf3 Bg4 4. h3 Bxf3 5. Qxf3 Nf6 6. d4 e6 7. exd5 {B11: Caro-Kann: Two Knights Variation.} cxd5 8. Bd3 {8.Bd3 scores better than 8.Bb5+.} Nc6 9. Ne2 Bd6 10. c3 O-O 11. Bg5 {[#]} h6 $146 ({Predecessor:} 11... e5 12. Qf5 e4 13. Bxf6 Qxf6 14. Qxf6 gxf6 15. Bc2 f5 16. f3 Rfe8 17. Bb3 Ne7 {½-½ (105) Cuenca Jimenez,J (2535)-Stefanova,A (2462) Linares 2020}) 12. Bh4 e5 13. Bxf6 Qxf6 14. Qxf6 ({Reject} 14. Qxd5 exd4 15. O-O (15. cxd4 Rad8 $17) (15. Nxd4 Nxd4 16. Qxd4 Rfe8+ 17. Kf1 Re5 $11) 15... dxc3 $15) 14... gxf6 15. O-O-O e4 16. Bc2 f5 17. Bb3 (17. g4 $14) 17... Ne7 $11 18. f3 exf3 19. gxf3 Kg7 20. Rdg1+ Kf6 21. f4 Rg8 22. Kb1 Ke6 23. Bc2 Rxg1+ 24. Rxg1 Rg8 25. Rxg8 Nxg8 {[%mdl 4096] Endgame KBN-KBN} 26. Kc1 Ne7 27. Kd2 Ng6 28. Ke3 Nh4 29. Kf2 Ng6 30. Kf3 a6 31. Bd3 Kf6 {The position is equal.} 32. a4 a5 33. Bc2 Nh4+ 34. Kg3 Ng6 35. b3 Ke6 36. Bb1 Kf6 37. Bd3 Ke6 38. Bb5 Ke7 39. c4 dxc4 40. bxc4 b6 41. h4 Kf6 42. Bc6 Ne7 43. Bf3 Ng6 44. Bb7 Bb8 45. c5 bxc5 46. dxc5 Ba7 47. h5 {[#] Black must now prevent c6.} Ne7 48. c6 {Threatens to win with c7.} Nd5 49. Ba6 Bb6 50. Kf3 Ne7 51. Bb7 Nd5 52. Bc8 Ne7 53. Bd7 Nd5 54. Nc1 Bc7 55. Nd3 Bd6 56. Be8 Nc7 57. Bd7 Nd5 58. Be8 $1 Nc7 {Weighted Error Value: White=0.04/Black=0.02} 1/2-1/2

[Event "FEDA International Scheveningen 2020"]
[Site "La Palma"]
[Date "2020.12.04"]
[Round "5.3"]
[White "Eljanov, Pavel"]
[Black "Santos Ruiz, Miguel"]
[Result "1/2-1/2"]
[WhiteElo "2672"]
[BlackElo "2581"]
[Annotator "TA"]
[PlyCount "60"]
[EventDate "2020.11.29"]
[EventCountry "ESP"]
[SourceTitle "playchess.com"]
[Source "ChessBase"]
[SourceQuality "1"]

{[%evp 15,60,0,0,7,6,0,8,0,13,7,10,13,6,0,8,0,0,0,0,-9,0,-28,-24,-19,-22,-29,-27,-31,-34,-37,-36,-38,-17,-48,-43,-52,-52,-52,-52,-45,-42,-77,-77,-77,-77,-77,-69]} 1. Nf3 d5 2. g3 g6 3. Bg2 Bg7 4. d4 Nf6 5. O-O O-O 6. c4 c6 7. Qb3 Qb6 8. Nc3 Rd8 9. Bd2 {D78: Fianchetto Grünfeld: 6 0-0 c6.} Bf5 (9... dxc4 {seems wilder.} 10. Qxc4 Be6 11. Qa4 Bg4 12. e3 Nbd7) 10. Na4 Qxb3 11. axb3 {Threatens to win with Nb6!The position is equal.} Nbd7 12. Rfc1 {[#]} h6 $1 $146 {[%mdl 8] A relevant novelty.} ({Predecessor:} 12... Be4 13. e3 e6 14. Nc3 Bd3 15. Na4 Bf8 16. Be1 Be4 17. Nc3 Bd3 18. Nd2 a6 {1-0 (63) Svane,R (2613)-Mikhalevski,V (2560) chess.com INT 2020}) 13. e3 g5 14. Ba5 Rdc8 15. Be1 e6 16. cxd5 exd5 17. b4 Ne4 18. Nd2 Nd6 19. Nc5 Nf6 20. Bf1 a6 21. Ndb3 Rc7 22. h3 h5 23. Nd3 Re8 24. Nbc5 g4 25. h4 Bf8 26. Nf4 Bh6 27. Nfd3 Nfe4 28. Nxe4 Bxe4 {Black is better.} 29. Nc5 Bg6 30. Bd2 Bf8 {Weighted Error Value: White=0.06/Black=0.00} 1/2-1/2

[Event "FEDA International Scheveningen 2020"]
[Site "La Palma"]
[Date "2020.12.04"]
[Round "5.4"]
[White "Van Foreest, Jorden"]
[Black "Salgado Lopez, Ivan"]
[Result "1/2-1/2"]
[WhiteElo "2671"]
[BlackElo "2593"]
[Annotator "TA"]
[PlyCount "59"]
[EventDate "2020.11.29"]
[EventCountry "ESP"]
[SourceTitle "playchess.com"]
[Source "ChessBase"]
[SourceQuality "1"]

{[%evp 14,59,18,3,1,-9,-9,-4,9,-14,-8,-24,-11,-28,-15,-51,-49,-58,-51,-62,-60,-82,-81,-76,-76,-76,-73,-81,-73,-81,-82,-88,-79,-84,-8,-10,0,0,0,0,0,0,0,0,0,0,0,0]} 1. Nf3 d5 2. g3 g6 3. Bg2 Bg7 4. d4 Nf6 5. O-O O-O 6. c4 c6 7. Ne5 dxc4 {7...Be6 might become the main line.} 8. Nxc4 Be6 {D78: Fianchetto Grünfeld: 6 0-0 c6.} 9. Ne5 Qc8 $5 {[%mdl 4] A promising side line.} 10. Nc3 Rd8 {[#]} 11. e3 $146 ({Predecessor:} 11. Bg5 h6 12. Be3 Nbd7 13. Qc1 Nxe5 14. dxe5 Ng4 15. f4 Nxe3 16. Qxe3 Qc7 17. Na4 {½-½ (60) Kabanov,N (2508)-Aleshin,O (2425) Pardubice 2005}) 11... c5 12. Qa4 Nbd7 13. Nxd7 Rxd7 14. Rd1 {[#] Black must now prevent d5.} Nd5 15. Nxd5 Bxd5 16. dxc5 Bc6 17. Qc2 Rxd1+ 18. Qxd1 Bxg2 19. Kxg2 Qxc5 20. e4 {[#]} Qc4 $1 21. Qd5 Qxd5 22. exd5 $17 {[%mdl 4096] Endgame KRB-KRB} b6 23. a4 Rc8 (23... Rd8 $17) 24. a5 $1 $11 {The position is equal.} bxa5 25. Be3 Bxb2 26. Rxa5 h5 27. Rxa7 Rd8 28. Rxe7 {With the idea Rb7.} Rxd5 29. Rb7 Bf6 30. Rb6 {Weighted Error Value: White=0.10/Black=0.08} 1/2-1/2